Responses for Show #2233 - Wednesday, April 27, 1994

Widespread pre-emption for Nixon funeral.

Contestants

[<< previous game]

Edwin Gulley, a consultant originally from Atlanta, Georgia

David Connor, an ordained minister from Lakewood, Ohio

Mark Sydel, a teacher of the deaf originally from Brooklyn, New York (whose 1-day cash winnings total $14,201)

[next game >>]

Jeopardy! Round responses

CONFEDERATES
SPORTS
HOLIDAYS & OBSERVANCES
DANCE
QUOTATIONS BY WOMEN
POTPOURRI
    $100 11
the Merrimack

Edwin
    $100 1
a bogey

Mark
    $100 6
the right to vote

David
    $100 26
(Edwin: What is a whale?)
(David: What's a yellow bill walk?)

a camel

MarkDavidEdwin
    $100 21
Martha Washington

Edwin
    $100 20
Beethoven

David
    $200 12
Gettysburg

Mark
    $200 2
the Washington Redskins

David
    $200 7
(Edwin: Who is Juliette Low?)

March 17th

DavidEdwin
    $200 27
the Canary Islands

Edwin
    $200 22
Ayn Rand

Edwin
    $200 19
checkers

David
    $300 13
(Edwin: Who is George Rogers Clark?)

William Clark

Edwin
Triple Stumper
    $300 3
the pole vault

Edwin
    $300 8
California

Mark
    $300 28
the light fantastic

David
    $300 23
Golda Meir

Mark
    $300 16
Johnson & Johnson

David
    $400 14
(David: Who is Hamlin?)

Andrew Johnson

DavidEdwin
    $400 4
a neutral corner

Mark
    $400 9
King Hussein

David
    $400 29
Mexico

Edwin
    $400 24
Anne Boleyn

Edwin
    $400 17
converted

Mark
    $500 15
Jefferson Davis

Edwin
    $500 5
soccer

David
    $500 10
Zimbabwe

David
    $500 30
a hornpipe

Edwin
    $500 25
(David: What's America?)

this old gray head

DavidEdwin
    $500 18
(David: What is Sweden?)
(Edwin: What is Norway?)

Greece

DavidEdwin
Triple Stumper

Scores at the first commercial break (after clue 15):

Mark David Edwin
$1,000 $1,500 $800

Scores at the end of the Jeopardy! Round:

Mark David Edwin
$1,800 $1,300 $2,500

Double Jeopardy! Round responses

SICKNESS & HEALTH
GOVERNORS
NONFICTION
WORLD FACTS
LAFAYETTE
WE "R" HERE
    $200 6
jet lag

David
    $200 7
George Wallace

David
    $200 23
Jerry Seinfeld

Edwin
    $200 1
South America

David
    $200 12
the Musketeers

David
    $200 13
a rung

David
    $400 19
the heart

David
    $400 8
Huey Long

Edwin
    $400 30
the Pentagon

Edwin
    $400 2
Britain

David
    $400 18
(Samuel) Morse

Mark
    $400 14
a round robin

David
    $600 29
(David: What is malaria?)

sleeping sickness

DavidEdwin
    $600 9
Florida

Edwin
    $600 25
James Earl Ray

Edwin
    $600 3
Helsinki

Edwin
    $600 20
Yorktown

David
    $600 15
(Edwin: Um... sorry.)

rime

Edwin
Triple Stumper
    $800 27
polio

Edwin
    $2,500 10
(Edwin: Uh... who is Taft?)

Adlai Stevenson

Edwin
    $800 24
(Erma) Bombeck

David
    $800 4
Latvia

Mark
    $800 21
Thomas Jefferson

Edwin
    $800 16
a roustabout

David
    $1000 28
muscular dystrophy

Triple Stumper
    $1000 11
New York

Edwin
    $1000 26
Stephen Hawking

Edwin
    $600 5
(Mark: What is Copenhagen?)

Sweden

Mark
    $1000 22
Major André

Edwin
    $1000 17
(David: What is rowdy?)

raucous

David
Triple Stumper

Scores at the end of the Double Jeopardy! Round:

Mark David Edwin
$2,400 $4,100 $7,400

[wagering suggestions for these scores]

Final Jeopardy! Round responses

SHAKESPEARE
(Alex: [To David] The two little princes in the tower supposedly killed by Richard, no proof of that, however.)
MarkWhat is King Henry the VIII?
$2,399
DavidWhat is Richard III?
$4,005
EdwinWhat is Richard III
$5,000
Richard III

Final scores:

Mark David Edwin
$1 $8,105 $12,400
3rd place: Panasonic digital cassette player + Wheel of Fortune & Jeopardy! for the SNES & Sega Genesis + Jeopardy! home game 2nd place: trip on Delta to Asheville, North Carolina & stay at the Grove Park Inn Resort + Jeopardy! home game New champion: $12,400

Game dynamics:

Coryat scores:

Mark David Edwin
$3,000 $4,100 $9,900
9 R,
1 W
(including 1 DD)
21 R
(including 1 DD),
6 W
23 R,
6 W
(including 1 DD)

Combined Coryat: $17,000

[game clues] [game scores] [suggest correction]

Game tape date: 1994-01-18
The J! Archive is created by fans, for fans. Scraping, republication, monetization, and malicious use prohibited; this site may use cookies and collect identifying information. See terms. The Jeopardy! game show and all elements thereof, including but not limited to copyright and trademark thereto, are the property of Jeopardy Productions, Inc. and are protected under law. This website is not affiliated with, sponsored by, or operated by Jeopardy Productions, Inc. Join the discussion at JBoard.tv.